| 000 | 00891nam a22002417a 4500 | ||
|---|---|---|---|
| 999 |
_c20023 _d20023 |
||
| 003 | AR-CdUCM | ||
| 008 | 190226b ||||| |||| 00| 0 spa d | ||
| 020 | _a9682300622 | ||
| 040 |
_aMUNICIPALIDAD PROVINCIAL DEL CUSCO _cBIBLIOTECA MUNICIPAL DEL CUSCO |
||
| 082 |
_a338.9 / _bIN35 |
||
| 110 |
_aInstituto andino de ecología y desarrollo INANDES _941878 |
||
| 245 |
_aDesarrollo rural alternativo : _bSeminario regional / |
||
| 260 | _aCusco : | ||
| 300 |
_a305 paginas ; _c21cm. |
||
| 440 |
_aLibro de resumenes _941879 |
||
| 505 | _aContenido : Medio ambiente y sustentabilidad -- Principales proyectos de la región Inka -- Políticas agrarias en la región Inka... | ||
| 650 |
_aPolíticas agrarias _941880 |
||
| 650 |
_aDesarrollo Amazónico _941881 |
||
| 650 |
_aDeterioro ambiental _941882 |
||
| 650 |
_aMetodología de trabajo _941883 |
||
| 942 |
_2ddc _cLIBROS |
||
| 945 | _arcc | ||